000 00593nam a2200181 4500
008 151127b xxu||||| |||| 00| 0 eng d
020 _a9789719919636
082 _aDFil 657.45
_bS9175
100 _9651
_aSalosagcol, Jekell G.
245 _aAuditing Theory:
_bA Guide in Understanding PSA/
_cJekell G. Salosagcol
250 _a2014 Edition
260 _aC.M. Recto Manila, Philippines
_bGIC Enterprises & Co., Inc.,
_cc2014
300 _a676 pages;
_c22 cm
650 0 _9654
_aAuditing
_xProblems,Exercise,etc.
700 _9657
_aRoel E. Hermosilla
365 _b745.00
_cPhp
942 _2ddc
_cDFIL
999 _c287
_d287